LIBRARY & INFORMATION CENTRE, KCAET, TAVANUR

ONLINE PUBLIC ACCESS CATALOGUE (OPAC)

Stattistical methods (Record no. 13761)

MARC details
000 -LEADER
fixed length control field 00299nam a22001337a 4500
020 ## - INTERNATIONAL STANDARD BOOK NUMBER
ISBN 9788177543209
082 ## - DEWEY DECIMAL CLASSIFICATION NUMBER
Classification number 519.5
Item number DHA/ST
100 ## - MAIN ENTRY--AUTHOR NAME
Personal name Dhamu, K.P
245 ## - TITLE STATEMENT
Title Stattistical methods
260 ## - PUBLICATION, DISTRIBUTION, ETC. (IMPRINT)
Place of publication Jodhpur
Name of publisher Agrobios (India)
Year of publication 2012
300 ## - PHYSICAL DESCRIPTION
Number of Pages 360 p
700 ## - ADDED ENTRY--PERSONAL NAME
Personal name Ramamoorthy, K
942 ## - ADDED ENTRY ELEMENTS (KOHA)
Koha item type Books
Holdings
Withdrawn status Lost status Damaged status Collection code Home library Current library Shelving location Date acquired Source of acquisition Cost, normal purchase price Full call number Accession Number Koha item type
      Non-fiction KAUAET KAUAET General Stacks 31/03/2012 Penta Book Distributors, Calicut 1200.00 519.5 DHA/ST 23443 Books
free website counter